LEADER 01009nam0-22002891--450- 001 990008349010403321 005 20060622113221.0 035 $a000834901 035 $aFED01000834901 035 $a(Aleph)000834901FED01 035 $a000834901 100 $a20060621d1964----km-y0itay50------ba 101 0 $ager 102 $aCH 105 $ay---m---001yy 200 1 $aRechtsfragen der Werbung im Fernsehen$edie Zulässigkeit von Werbesendungen nach der gegenwärtigen Ordnung des Fernsehdienstes in der Schweiz der Fernsehwerbevertrag im schweizerischen, deutschen und österreichischen Recht$edissertation ...$fHelmut H. Müller 210 $aWinterthur$cKeller$d1964 215 $aXVIIL, 99 p.$d23 cm 676 $a659.14$v20$zita 700 1$aMüller,$bHelmut H.$0434202 801 0$aIT$bUNINA$gRICA$2UNIMARC 901 $aBK 912 $a990008349010403321 952 $aDissertazione A 417$b78480$fFGBC 959 $aFGBC 996 $aRechtsfragen der Werbung im Fernsehen$9722125 997 $aUNINA LEADER 01179nam0-2200397---450 001 990005602450203316 005 20200514183718.0 035 $a000560245 035 $aUSA01000560245 035 $a(ALEPH)000560245USA01 035 $a000560245 100 $a19981214d1994----|||y0itaa50------ba 101 $amul 102 $afr 105 $a0 00||| 200 1 $a<> Intellections$fAbélard$gtexte établi, traduit, introduit et commenté par Patrick Morin 210 $aParis$cVrin$d1994 215 $a170 p.$d22 cm 225 2 $aSic et non$ecollection dirigée par Alain de Libera 300 $aTesto latino a fronte. 410 0$12001$aSic et non 620 $dPARIS 676 $a189 700 1$aABAELARDUS,$bPetrus$f<1079-1142>$0156884 702 1$aMORIN,$bPatrick 801 0$aIT$bSA$c20111219 912 $a990005602450203316 950 0$aDipar.to di Filosofia - Salerno$dDFAA 189 ABA$e2747 FIL 951 $aAA 189 ABA$b2747 FIL 959 $aBK 969 $aFIL 979 $c20121027$lUSA01$h1525 979 $c20121027$lUSA01$h1614 979 $aANNAMARIA$b90$c20160225$lUSA01$h0955 996 $aIntellections$91133225 997 $aUNISA